| 000 | 00855nam a2200253 4500 | ||
|---|---|---|---|
| 001 | 17101 | ||
| 003 | HDC | ||
| 007 | cr bn ---aaaaa | ||
| 008 | 210223c mydr|noo 0 a may d | ||
| 040 | _aHDC | ||
| 100 |
_aShafinaz Sheikh Maznan _eauthor _916653 |
||
| 245 | 0 |
_aCipta kumpulan peladang berpengetahuan / _cby Shafinaz Sheikh Maznan |
|
| 260 |
_aMalaysia: _bUtusan Malaysia, _c2003 |
||
| 336 |
_atext _2rdacontent |
||
| 337 |
_acomputer _2rdamedia |
||
| 338 |
_aonline resource _2rdacarrier |
||
| 650 |
_aagriculture industry _92340 |
||
| 650 |
_afood manufacturer _91108 |
||
| 710 | _aUtusan Malaysia | ||
| 856 | _zRequest full-text at [email protected] | ||
| 942 | _2lcc | ||
| 942 | _cNEWS | ||
| 942 | _kNSWO 008546 | ||
| 999 |
_c14417 _d14417 |
||